000 00617nam a22001697a 4500
003 UA-OsUOA
001 17524
007 ta
008 20040313b un ||||| |||| 00| 0 ukr d
942 _cSA
040 _aUA-OsUOA
_cUA-OsUOA
_dUA-OsUOA
245 _aДіє сьома спеціалізована виставка ["Комп'ютер. Офіс. Зв'язок": "Поліграфія та реклама" у Рівнен. палаці культури "Хімік"]
300 _aС.15
955 _a0
773 0 _w0
_tОго
_dРівне
_d2004
_g№30
650 7 _aВиставки
_2UDC
999 _c303692
_d303692